000 00408nam a2200157Ia 4500
003 LK-CoDNM
008 010623t xxu||||| |||| 00| 1 eng d
040 _aLK-CoDNM
_dLK-CoDNM
_eLK-CoDNM
041 _aeng
080 _a294.3 SWA
100 _aSwaris,Nalin.
245 _aThe Buddha's Way to Human Liberation : A Socio-historical Approach
260 _bAuthor
300 _bxii,442p., 25 cm
942 _cBK
999 _c135975
_d135975